[Event "Liga Madrid 2009-2010 Division de Honor"]
[Site "Madrid ESP"]
[Date "2010.01.24"]
[Round "7.15"]
[White "Barez Menendez, Hector"]
[Black "Perez De Aranda Alonso, Leonardo"]
[Result "1/2-1/2"]
[WhiteElo "2144"]
[BlackElo "2216"]
[PlyCount "70"]
[EventDate "2009.11.22"]
[EventType "team"]
[EventRounds "14"]
[EventCountry "ESP"]
[Source "lmi"]
[SourceDate "2009.11.22"]

1. Nf3 c5 2. e3 g6 3. d4 Bg7 4. Be2 Nf6 5. O-O O-O 6. dxc5 Qa5 7. a3 Qxc5 8. b4
Qc7 9. Bb2 d5 10. Nbd2 a5 11. c4 axb4 12. axb4 Rxa1 13. Qxa1 Be6 14. Ng5 Na6
15. Nxe6 fxe6 16. Be5 Qb6 17. b5 Nc5 18. Bd4 Qd6 19. Be5 Qb6 20. Rc1 Bh6 21.
Bd4 Qd6 22. cxd5 Nce4 23. Nf3 exd5 24. h3 Nxf2 25. Kxf2 Ne4+ 26. Kg1 Qg3 27.
Rf1 e5 28. Bb6 d4 29. Bxd4 exd4 30. Qxd4 Nd6 31. Bd1 Bg7 32. Qd5+ Kh8 33. Qg5
Qxg5 34. Nxg5 Rxf1+ 35. Kxf1 Nxb5 1/2-1/2

[Event "Liga Madrid 2009-2010 Division de Honor"]
[Site "Madrid ESP"]
[Date "2010.01.24"]
[Round "7.16"]
[White "Vazquez Torres, Adrian"]
[Black "Gemy Vargas, Daniel"]
[Result "1-0"]
[WhiteElo "2144"]
[BlackElo "2169"]
[PlyCount "115"]
[EventDate "2009.11.22"]
[EventType "team"]
[EventRounds "14"]
[EventCountry "ESP"]
[Source "lmi"]
[SourceDate "2009.11.22"]

1. e4 e6 2. d4 d5 3. Nc3 dxe4 4. Nxe4 Qd5 5. Bd3 Nf6 6. Qf3 Qxd4 7. Ne2 Qd8 8.
Bf4 Nbd7 9. O-O-O e5 10. Bc4 Nxe4 11. Qxe4 Bd6 12. Bg3 Qe7 13. Nc3 Nf6 14. Bb5+
Kf8 15. Qd3 Be6 16. Rhe1 a6 17. Bc4 Bxc4 18. Qxc4 Re8 19. Ne4 Nxe4 20. Qxe4 b6
21. Kb1 Qe6 22. Qc6 f5 23. Bxe5 Bxe5 24. Qxe6 Rxe6 25. Rd8+ Re8 26. Rxe8+ Kxe8
27. Rxe5+ Kd7 28. Rxf5 Re8 29. Kc1 Ke6 30. Rf3 Rd8 31. Re3+ Kf6 32. Ra3 Re8 33.
Kd2 Re7 34. Re3 Rd7+ 35. Ke2 a5 36. h4 Rd4 37. g3 h5 38. Rd3 Re4+ 39. Kf3 Rc4
40. Rc3 Rxc3+ 41. bxc3 Kf5 42. c4 a4 43. a3 Ke5 44. Ke3 c6 45. c3 c5 46. f3 Kf5
47. Ke2 Ke5 48. Ke3 Kf5 49. f4 Kg4 50. Kf2 Kh3 51. Kf3 Kh2 52. f5 Kh3 53. Kf4
Kg2 54. g4 hxg4 55. Kxg4 Kf2 56. Kg5 Ke3 57. Kg6 Ke4 58. h5 1-0

[Event "Liga Madrid 2009-2010 Division de Honor"]
[Site "Madrid ESP"]
[Date "2010.01.24"]
[Round "7.21"]
[White "Serrano Salvador, Eduardo"]
[Black "Arribas Lopez, Angel"]
[Result "1/2-1/2"]
[WhiteElo "2319"]
[BlackElo "2481"]
[PlyCount "132"]
[EventDate "2009.11.22"]
[EventType "team"]
[EventRounds "14"]
[EventCountry "ESP"]
[Source "lmi"]
[SourceDate "2009.11.22"]

1. d4 Nf6 2. Nf3 e6 3. c4 c5 4. d5 b5 5. Bg5 exd5 6. cxd5 d6 7. e4 a6 8. a4
bxa4 9. Qxa4+ Nbd7 10. Bd3 Be7 11. e5 dxe5 12. Nxe5 Qc7 13. Nc6 Nb6 14. Qa5
Nbxd5 15. Qxc7 Nxc7 16. Nxe7 Kxe7 17. Nc3 Bb7 18. O-O Ne6 19. Rfe1 h6 20. Be4
Bxe4 21. Bxf6+ Kxf6 22. Nxe4+ Kg6 23. Rec1 Rhc8 24. Ra5 Rab8 25. Rxa6 Rxb2 26.
g3 Kh7 27. Ra7 Kg8 28. Nd6 Rd8 29. Nc4 Re2 30. Kf1 Re4 31. Ne3 Red4 32. Ra2 g6
33. h4 h5 34. Ke1 Kg7 35. Rac2 f5 36. Ng2 Kf6 37. Ke2 R8d6 38. Ke1 Kg7 39. Ke2
Kh6 40. Ke1 f4 41. Nxf4 Nxf4 42. gxf4 Rxf4 43. Rxc5 Rxh4 44. Rc6 Rdd4 45. Kf1
Rdg4 46. R1c3 Rh1+ 47. Ke2 Rh2 48. Rf3 Rh1 49. Rfc3 Ra1 50. Rg3 Rg1 51. Kf3 Kg5
52. Rxg4+ Rxg4 53. Rc1 Rf4+ 54. Kg3 h4+ 55. Kg2 Kg4 56. Rc2 g5 57. Ra2 h3+ 58.
Kg1 Rd4 59. Ra3 Rd1+ 60. Kh2 Rf1 61. Rg3+ Kf4 62. Rxh3 Rxf2+ 63. Kg1 Rf3 64.
Rh2 g4 65. Ra2 Rb3 66. Ra1 Kg3 1/2-1/2

[Event "Liga Madrid 2009-2010 Division de Honor"]
[Site "Madrid ESP"]
[Date "2010.01.24"]
[Round "7.22"]
[White "Gallardo Garcia, Andres"]
[Black "Hernandez Gallardo, Francisco Javier"]
[Result "1-0"]
[WhiteElo "2418"]
[BlackElo "2360"]
[PlyCount "153"]
[EventDate "2009.11.22"]
[EventType "team"]
[EventRounds "14"]
[EventCountry "ESP"]
[Source "lmi"]
[SourceDate "2009.11.22"]

1. d4 e6 2. c4 Nf6 3. Nf3 Bb4+ 4. Nbd2 b6 5. a3 Bxd2+ 6. Qxd2 a5 7. b3 Bb7 8.
e3 O-O 9. Be2 d6 10. Bb2 Nbd7 11. O-O Qe7 12. Rad1 Rfd8 13. Qc2 c5 14. dxc5
dxc5 15. a4 Nf8 16. Ne5 Rxd1 17. Rxd1 Rd8 18. f3 Rxd1+ 19. Qxd1 N6d7 20. Qd2 f6
21. Ng4 e5 22. Nf2 Nb8 23. Nd1 Qd7 24. Qxd7 Nfxd7 25. Nc3 Kf7 26. Kf2 Ke6 27.
g4 Na6 28. Bd3 g6 29. Bb1 Nb4 30. Ke2 Bc6 31. h4 Kf7 32. f4 exf4 33. exf4 h6
34. Ne4 Ke6 35. Ng3 Kf7 36. h5 Nf8 37. hxg6+ Nxg6 38. Nh5 Bd7 39. Nxf6 Nxf4+
40. Ke3 Ng2+ 41. Ke4 Bc6+ 42. Ke5 Ne1 43. Kd6 Bf3 44. Bf5 Ned3 45. Bc3 Bd1 46.
Nd5 Bxb3 47. Nxb6 Nf2 48. Kxc5 Nc2 49. Bd2 Kg7 50. g5 hxg5 51. Bxg5 Nd1 52. Kb5
Nce3 53. Bxe3 Nxe3 54. Bd3 Bxa4+ 55. Nxa4 Nxc4 56. Bxc4 Kf6 57. Kxa5 Ke5 58.
Kb4 Kd4 59. Nc3 Ke5 60. Kc5 Kf4 61. Kd4 Kf5 62. Ne4 Kf4 63. Nc3 Kf5 64. Bd5 Kf4
65. Be4 Kg3 66. Ne2+ Kf2 67. Kd3 Ke1 68. Ke3 Kd1 69. Bd3 Ke1 70. Bc2 Kf1 71.
Nf4 Ke1 72. Ng2+ Kf1 73. Kf3 Kg1 74. Kg3 Kf1 75. Bd3+ Kg1 76. Nf4 Kh1 77. Be2
1-0

[Event "Liga Madrid 2009-2010 Division de Honor"]
[Site "Madrid ESP"]
[Date "2010.01.24"]
[Round "7.23"]
[White "Solaesa Navalpotro, Luis Julio"]
[Black "Candela Perez, Jose"]
[Result "0-1"]
[WhiteElo "2224"]
[BlackElo "2416"]
[PlyCount "118"]
[EventDate "2009.11.22"]
[EventType "team"]
[EventRounds "14"]
[EventCountry "ESP"]
[Source "lmi"]
[SourceDate "2009.11.22"]

1. d4 Nf6 2. Bg5 c5 3. d5 Qb6 4. Bc1 e6 5. Nc3 Nxd5 6. Nxd5 exd5 7. Qxd5 Nc6 8.
Nf3 Nb4 9. Qd1 Qg6 10. Kd2 Qd6+ 11. Ke1 Qg6 12. Kd2 d5 13. e3 Bd6 14. c3 Nc6
15. Rg1 O-O 16. Bd3 Qf6 17. Ke2 Re8 18. h3 Be6 19. Re1 d4 20. cxd4 cxd4 21. Kf1
Bb4 22. Bd2 Bxd2 23. Nxd2 dxe3 24. Rxe3 Qxb2 25. Rb1 Qxa2 26. Rxb7 Red8 27. Kg1
Ne5 28. Nf3 Qd5 29. Nxe5 Qxb7 30. Qh5 h6 31. Rg3 Kh8 32. Rf3 Rxd3 33. Rxd3 a5
34. Rf3 Ra7 35. Qh4 Qb1+ 36. Kh2 Qb8 37. Qf4 Kg8 38. Rg3 a4 39. Qf6 Qf8 40. Nc6
Rc7 41. Nd4 Bd7 42. Qxh6 a3 43. Qa6 Qc5 44. Qf6 g6 45. Nb3 Qc6 46. Qd8+ Kg7 47.
Na5 Qd6 48. Qb8 Be6 49. Nb7 Qb6 50. Qa8 Rxb7 51. Qxa3 Qxf2 52. Rf3 Qb2 53. Qd6
Rd7 54. Qc5 Rd2 55. Qg5 Qd4 56. Rf4 Qd6 57. Qf6+ Kg8 58. Kg1 Rd1+ 59. Kh2 Rf1
0-1

[Event "Liga Madrid 2009-2010 Division de Honor"]
[Site "Madrid ESP"]
[Date "2010.01.24"]
[Round "7.24"]
[White "Prieto Martin, Alfonso"]
[Black "Ramirez Garcia, Jorge Alberto"]
[Result "1/2-1/2"]
[WhiteElo "2212"]
[BlackElo "2175"]
[PlyCount "81"]
[EventDate "2009.11.22"]
[EventType "team"]
[EventRounds "14"]
[EventCountry "ESP"]
[Source "lmi"]
[SourceDate "2009.11.22"]

1. e4 e6 2. d4 d5 3. Nd2 c5 4. exd5 exd5 5. Ngf3 Nc6 6. dxc5 Bxc5 7. Nb3 Bd6 8.
c3 Nge7 9. Bg5 O-O 10. Be2 Re8 11. Nfd4 Qb6 12. Qd2 a5 13. Be3 Qd8 14. a4 Ne5
15. Nb5 Bb8 16. O-O N7c6 17. Rfe1 Qh4 18. Bf4 Be6 19. Bg3 Qf6 20. N3d4 Ne7 21.
Nf3 N5g6 22. Bxb8 Raxb8 23. Qd4 Qxd4 24. Nfxd4 Nc6 25. g3 Bh3 26. Bf1 Bxf1 27.
Kxf1 Nge5 28. Nc7 Red8 29. Nxc6 Nxc6 30. Nb5 d4 31. Nxd4 Nxd4 32. cxd4 Rxd4 33.
Re5 Rb4 34. Rxa5 Rxb2 35. Rb5 Rxb5 36. axb5 Kf8 37. Rc1 Re8 38. Rc7 Re7 39.
Rc8+ Re8 40. Rc7 Re7 41. Rc8+ 1/2-1/2

[Event "Liga Madrid 2009-2010 Division de Honor"]
[Site "Madrid ESP"]
[Date "2010.01.24"]
[Round "7.25"]
[White "Alonso Nieto, Santiago"]
[Black "Cesar Benavides, Juan Antonio"]
[Result "1/2-1/2"]
[WhiteElo "2120"]
[BlackElo "2175"]
[PlyCount "53"]
[EventDate "2009.11.22"]
[EventType "team"]
[EventRounds "14"]
[EventCountry "ESP"]
[Source "lmi"]
[SourceDate "2009.11.22"]

1. d4 Nf6 2. c4 c5 3. d5 b5 4. cxb5 a6 5. Nc3 d6 6. Nf3 axb5 7. Nxb5 Ba6 8. e3
g6 9. a4 Nbd7 10. Be2 Nb6 11. O-O Bg7 12. Re1 O-O 13. Nc3 Nc4 14. Nd2 Ne5 15.
Bxa6 Rxa6 16. Qe2 Qa8 17. e4 Rb8 18. f4 Ned7 19. e5 dxe5 20. fxe5 Nxe5 21. Qxe5
Ng4 22. Qe2 Bd4+ 23. Kh1 Nf2+ 24. Kg1 Ng4+ 25. Kh1 Nf2+ 26. Kg1 Ng4+ 27. Kh1
1/2-1/2

[Event "Liga Madrid 2009-2010 Division de Honor"]
[Site "Madrid ESP"]
[Date "2010.01.24"]
[Round "7.26"]
[White "Nunez Gutierrez, Juan Carlos"]
[Black "Mansilla Tolosa, Luis"]
[Result "0-1"]
[WhiteElo "2101"]
[BlackElo "2099"]
[PlyCount "64"]
[EventDate "2009.11.22"]
[EventType "team"]
[EventRounds "14"]
[EventCountry "ESP"]
[Source "lmi"]
[SourceDate "2009.11.22"]

1. e4 c5 2. Nf3 d6 3. Nc3 Nf6 4. d4 cxd4 5. Nxd4 a6 6. Bc4 e6 7. a4 Be7 8. Be3
O-O 9. O-O Qc7 10. Qe2 Nc6 11. Rad1 Bd7 12. f4 Rac8 13. Bb3 Nxd4 14. Bxd4 e5
15. Be3 Bg4 16. Qf2 Bxd1 17. Rxd1 Ng4 18. Qg3 Nxe3 19. Qxe3 exf4 20. Qxf4 Qc5+
21. Kh1 Qe5 22. Qf3 Bf6 23. g3 Qg5 24. h4 Qe5 25. Rd3 Rc5 26. Kg2 b5 27. Qe2
Re8 28. Re3 Qh5 29. Qd3 Bxc3 30. bxc3 Qe5 31. Qd4 Kf8 32. Kf3 Rec8 0-1

[Event "Liga Madrid 2009-2010 Division de Honor"]
[Site "Madrid ESP"]
[Date "2010.01.24"]
[Round "7.31"]
[White "Moreno Ruiz, Javier"]
[Black "Garcia Luengo, Leandro"]
[Result "1/2-1/2"]
[WhiteElo "2459"]
[BlackElo "2308"]
[PlyCount "92"]
[EventDate "2009.11.22"]
[EventType "team"]
[EventRounds "14"]
[EventCountry "ESP"]
[Source "lmi"]
[SourceDate "2009.11.22"]

1. c4 e5 2. g3 f5 3. Nc3 Nf6 4. d4 e4 5. Nh3 Bb4 6. Bd2 Nc6 7. a3 Bxc3 8. Bxc3
d6 9. Bg2 O-O 10. d5 Ne5 11. Qd4 Qe8 12. O-O Qa4 13. b4 Qa6 14. Rfc1 Nxc4 15.
a4 b5 16. a5 c6 17. Nf4 cxd5 18. Nxd5 Qb7 19. Nf4 Qf7 20. f3 Bb7 21. Rf1 exf3
22. exf3 a6 23. Bh3 Bc8 24. Rae1 g5 25. Nd3 Qa7 26. Bg2 Nd5 27. Qxa7 Rxa7 28.
Bd4 Re7 29. Rxe7 Nxe7 30. f4 h6 31. Re1 Kf7 32. Nb2 Nxb2 33. Bxb2 gxf4 34. gxf4
Rg8 35. Kf2 Be6 36. Bf3 Nd5 37. Rc1 Ke7 38. Bd4 Kd7 39. Bxd5 Bxd5 40. Rg1 Rg4
41. Be3 Be4 42. h3 Rxg1 43. Kxg1 Ke6 44. Ba7 h5 45. h4 Bd3 46. Kf2 Bc4 1/2-1/2

[Event "Liga Madrid 2009-2010 Division de Honor"]
[Site "Madrid ESP"]
[Date "2010.01.24"]
[Round "7.32"]
[White "Salcedo Tornero, Pablo"]
[Black "De La Fuente Gonzalez, Francisco"]
[Result "0-1"]
[WhiteElo "2184"]
[BlackElo "2237"]
[PlyCount "79"]
[EventDate "2009.11.22"]
[EventType "team"]
[EventRounds "14"]
[EventCountry "ESP"]
[Source "lmi"]
[SourceDate "2009.11.22"]

1. g3 d5 2. Bg2 Nf6 3. d3 e5 4. Nf3 Nc6 5. O-O Be7 6. Nc3 O-O 7. Bg5 Be6 8. e4
d4 9. Ne2 h6 10. Bd2 Qd7 11. b4 b5 12. Nc1 Bg4 13. Qe1 a5 14. bxa5 b4 15. Nb3
Rfb8 16. Nh4 Nxa5 17. f4 Nxb3 18. axb3 Rxa1 19. Qxa1 exf4 20. Nf5 Bxf5 21. exf5
fxg3 22. hxg3 c5 23. Qd1 Nd5 24. Qf3 Rd8 25. Re1 Bf6 26. Kh2 Kh7 27. Qh5 Kg8
28. Be4 Nc3 29. Qg4 g5 30. Bxc3 dxc3 31. Ra1 Qd4 32. Qf3 Kg7 33. Kg2 Rd7 34.
Ra6 Re7 35. Ra8 c4 36. Qf2 Qxf2+ 37. Kxf2 cxb3 38. Bd5 bxc2 39. Ra1 Bd4+ 40.
Kf1 0-1

[Event "Liga Madrid 2009-2010 Division de Honor"]
[Site "Madrid ESP"]
[Date "2010.01.24"]
[Round "7.33"]
[White "Sanchez-Alarcos Galian, Victor"]
[Black "Piña Sierra, Julia"]
[Result "1-0"]
[WhiteElo "2149"]
[BlackElo "2061"]
[PlyCount "83"]
[EventDate "2009.11.22"]
[EventType "team"]
[EventRounds "14"]
[EventCountry "ESP"]
[Source "lmi"]
[SourceDate "2009.11.22"]

1. d4 Nf6 2. Nf3 d5 3. c4 e6 4. g3 c5 5. cxd5 exd5 6. Bg2 c4 7. O-O Nc6 8. Ne5
Be6 9. Nxc6 bxc6 10. b3 cxb3 11. axb3 Be7 12. Qc2 Qb6 13. Ba3 Bxa3 14. Rxa3 O-O
15. e3 Rac8 16. Rc1 Nd7 17. Qa2 Rc7 18. Nc3 g6 19. Bf3 Rb8 20. Kg2 Qb7 21. Na4
Qc8 22. Nc5 Nxc5 23. Rxc5 Bh3+ 24. Kg1 Qf5 25. Bg2 Bxg2 26. Kxg2 Qe4+ 27. Kg1
h5 28. h4 Rbb7 29. Qc2 Qe6 30. Ra6 Rb6 31. Rca5 Rcb7 32. Ra3 Qe7 33. Qa2 Qb4
34. Kg2 Qc3 35. Rxb6 Rxb6 36. Rxa7 Rxb3 37. Ra8+ Kg7 38. Qa6 Qc2 39. Qc8 Qe4+
40. Kh2 Kf6 41. Qh8+ Kf5 42. Re8 1-0

[Event "Liga Madrid 2009-2010 Division de Honor"]
[Site "Madrid ESP"]
[Date "2010.01.24"]
[Round "7.34"]
[White "Garcia Diaz, Victor"]
[Black "Arauz Alonso, Fernando"]
[Result "1-0"]
[WhiteElo "2095"]
[BlackElo "2140"]
[PlyCount "113"]
[EventDate "2009.11.22"]
[EventType "team"]
[EventRounds "14"]
[EventCountry "ESP"]
[Source "lmi"]
[SourceDate "2009.11.22"]

1. e4 c6 2. d4 d5 3. e5 Bf5 4. Nc3 h5 5. Be2 h4 6. Be3 e6 7. h3 Nd7 8. Bg4 g6
9. Qd2 c5 10. Be2 cxd4 11. Bxd4 a6 12. f4 Bc5 13. Nf3 Ne7 14. O-O Nc6 15. Kh2
Qe7 16. Rae1 Rg8 17. Bxc5 Nxc5 18. Ng5 O-O-O 19. b4 Nxb4 20. Nb5 Nc6 21. Nd6+
Rxd6 22. exd6 Qd7 23. Qc3 Ne4 24. Nxe4 Bxe4 25. Qc5 g5 26. Bd3 Bxd3 27. cxd3 f5
28. fxg5 Rxg5 29. Kh1 Rg6 30. Rf4 Qg7 31. Qf2 Kd7 32. Rxh4 Kxd6 33. Re2 e5 34.
Qxf5 Nd4 35. Rxd4 exd4 36. a4 b5 37. a5 Qf6 38. Qxf6+ Rxf6 39. g4 Rf3 40. Kg2
Rxd3 41. g5 Rc3 42. g6 d3 43. Rf2 Rc8 44. h4 Ke6 45. h5 Rh8 46. g7 Rg8 47. h6
d2 48. Rxd2 Kf6 49. Rxd5 Rc8 50. Rd6+ Kf7 51. Rxa6 Rc2+ 52. Kf3 Rc3+ 53. Ke4
Rc8 54. Rb6 Re8+ 55. Kf5 Kg8 56. Kg6 b4 57. h7# 1-0

[Event "Liga Madrid 2009-2010 Division de Honor"]
[Site "Madrid ESP"]
[Date "2010.01.24"]
[Round "7.35"]
[White "Sanchez Naranjo, Jose Manuel"]
[Black "De La Rosa Bretin, Adrian"]
[Result "1-0"]
[WhiteElo "2090"]
[BlackElo "1795"]
[PlyCount "25"]
[EventDate "2009.11.22"]
[EventType "team"]
[EventRounds "14"]
[EventCountry "ESP"]
[Source "lmi"]
[SourceDate "2009.11.22"]

1. e4 e5 2. Nf3 Nf6 3. d4 exd4 4. e5 Nd5 5. Qxd4 Nb6 6. Bd3 Nc6 7. Qe4 Qe7 8.
Nc3 d6 9. Bg5 f6 10. exf6 Qxe4+ 11. Bxe4 Bd7 12. O-O-O h6 13. Bg6+ 1-0

[Event "Liga Madrid 2009-2010 Division de Honor"]
[Site "Madrid ESP"]
[Date "2010.01.24"]
[Round "7.41"]
[White "Valles Moreno, Ivan"]
[Black "Roa Alonso, Santiago"]
[Result "0-1"]
[WhiteElo "2424"]
[BlackElo "2412"]
[PlyCount "148"]
[EventDate "2009.11.22"]
[EventType "team"]
[EventRounds "14"]
[EventCountry "ESP"]
[Source "lmi"]
[SourceDate "2009.11.22"]

1. d4 Nf6 2. c4 e6 3. Nf3 b6 4. g3 Ba6 5. Qb3 Nc6 6. Bd2 Rb8 7. Qc2 b5 8. cxb5
Bxb5 9. a3 Qc8 10. Nc3 Bc4 11. Be3 Qa6 12. Bg2 Bb4 13. O-O Bxc3 14. Qxc3 Nd5
15. Qd2 Na5 16. Rae1 Rb3 17. Ne5 Qb5 18. Rc1 Nxe3 19. fxe3 f6 20. Nd3 O-O 21.
Nb4 c5 22. dxc5 Qxc5 23. Rc3 Rxc3 24. Qxc3 Qb5 25. Nc2 Qb3 26. Qxb3 Nxb3 27.
Rd1 d5 28. Kf2 f5 29. Nd4 Kf7 30. Nxb3 Bxb3 31. Rd3 Rb8 32. Rc3 a5 33. g4 Bc4
34. gxf5 Rxb2 35. fxe6+ Kxe6 36. Bf3 Rb3 37. Rxb3 Bxb3 38. Ke1 Ke5 39. Kd2 Ba4
40. Bg4 Be8 41. h4 h6 42. Bf3 Bb5 43. Ke1 Kd6 44. Kd2 Kc5 45. Kc3 Bd7 46. h5
Be8 47. Kd3 g6 48. hxg6 Bxg6+ 49. Kc3 h5 50. Kb3 Be8 51. Kc3 h4 52. Bg4 Bb5 53.
Kb2 Kd6 54. Kc3 Ke5 55. Kd2 Be8 56. Ke1 Bg6 57. Kf2 Bf5 58. Bf3 Be6 59. Ke1 Kd6
60. e4 d4 61. Kd2 Ke5 62. e3 Bd7 63. Bg2 Bb5 64. exd4+ Kxd4 65. Kc2 Bc6 66. Kb3
Bxe4 67. Bh3 Bc6 68. Kb2 Ke3 69. Kc3 Kf2 70. Kd4 Kg3 71. Be6 Bf3 72. Ke3 Bg4
73. Bd5 h3 74. Bc6 h2 0-1

[Event "Liga Madrid 2009-2010 Division de Honor"]
[Site "Madrid ESP"]
[Date "2010.01.24"]
[Round "7.42"]
[White "Cao Armillas, Jesus"]
[Black "Sanchez Gonzalez, Sergio"]
[Result "0-1"]
[WhiteElo "2205"]
[BlackElo "2322"]
[PlyCount "138"]
[EventDate "2009.11.22"]
[EventType "team"]
[EventRounds "14"]
[EventCountry "ESP"]
[Source "lmi"]
[SourceDate "2009.11.22"]

1. d4 Nf6 2. c4 e6 3. Nc3 Bb4 4. e3 O-O 5. Bd3 d5 6. Nf3 c5 7. O-O cxd4 8. exd4
dxc4 9. Bxc4 a6 10. Qe2 b5 11. Bd3 Bb7 12. Rd1 Nbd7 13. Bg5 h6 14. Bh4 Bxc3 15.
bxc3 Qa5 16. c4 bxc4 17. Bxc4 Ne4 18. Rd3 Rac8 19. Bb3 Qh5 20. Qe3 Nb6 21. Rb1
Qa5 22. Ne5 Nc3 23. Rf1 Nbd5 24. Qd2 Qb5 25. f4 Ne4 26. Qe1 Ndf6 27. a4 Qb6 28.
Qe3 a5 29. Bc4 Qb4 30. Rb3 Qe7 31. Rfb1 Bd5 32. Bxd5 exd5 33. Ng4 Qd7 34. Nxf6+
Nxf6 35. Bxf6 gxf6 36. f5 Kh7 37. Qf4 Rg8 38. Rb7 Qe8 39. Qh4 Rg7 40. R7b3 Qe2
41. Rg3 Rcg8 42. Rf1 Rxg3 43. hxg3 Qe3+ 44. Kh2 Rg5 45. Rf3 Qe1 46. Rf4 Qd1 47.
g4 Kg7 48. Qh3 Qxa4 49. Qc3 Qb5 50. Kh3 a4 51. Rf2 h5 52. gxh5 Rxh5+ 53. Kg4
Rg5+ 54. Kh3 Qb1 55. g4 Qh1+ 56. Kg3 Qg1+ 57. Rg2 Rxg4+ 58. Kxg4 Qxg2+ 59. Kh4
Qg5+ 60. Kh3 Qxf5+ 61. Kg2 Qg4+ 62. Kf2 Qf4+ 63. Kg2 f5 64. Qb4 Qe4+ 65. Kf1
Qf3+ 66. Ke1 Qe3+ 67. Kf1 a3 68. Qc5 f4 69. Qxd5 f3 0-1

[Event "Liga Madrid 2009-2010 Division de Honor"]
[Site "Madrid ESP"]
[Date "2010.01.24"]
[Round "7.43"]
[White "Perez Gonzalez, Jose Manuel"]
[Black "Lorite Cruz, Francisco"]
[Result "1-0"]
[WhiteElo "2332"]
[BlackElo "2073"]
[PlyCount "37"]
[EventDate "2009.11.22"]
[EventType "team"]
[EventRounds "14"]
[EventCountry "ESP"]
[Source "lmi"]
[SourceDate "2009.11.22"]

1. e4 d5 2. exd5 Qxd5 3. Nc3 Qa5 4. d4 Nf6 5. Nf3 c6 6. Bc4 Bf5 7. Bd2 e6 8.
Qe2 Nbd7 9. d5 cxd5 10. Nxd5 Qd8 11. Nxf6+ Qxf6 12. Bc3 Bb4 13. Bxb4 Qxb2 14.
O-O Qxb4 15. Rab1 Qc5 16. Rxb7 Nb6 17. Bb5+ Kf8 18. Ne5 f6 19. Qh5 1-0

[Event "Liga Madrid 2009-2010 Division de Honor"]
[Site "Madrid ESP"]
[Date "2010.01.24"]
[Round "7.44"]
[White "San Juan Rodriguez, Miguel"]
[Black "Vallejo Diaz, Jesus"]
[Result "0-1"]
[WhiteElo "2073"]
[BlackElo "2277"]
[PlyCount "86"]
[EventDate "2009.11.22"]
[EventType "team"]
[EventRounds "14"]
[EventCountry "ESP"]
[Source "lmi"]
[SourceDate "2009.11.22"]

1. e4 c5 2. Nf3 e6 3. d4 cxd4 4. Nxd4 a6 5. Nc3 Qc7 6. Bd3 Bc5 7. Nb3 Be7 8.
Qe2 Nc6 9. Be3 Nf6 10. g4 h5 11. g5 Ng4 12. f4 Nxe3 13. Qxe3 d6 14. O-O-O Bd7
15. Kb1 b5 16. h4 Qa7 17. Qg3 b4 18. Ne2 a5 19. Bc4 a4 20. Nbd4 Na5 21. Bb5
Bxb5 22. Nxb5 Qc5 23. Qd3 Nc4 24. Nbd4 a3 25. Nb3 Qc8 26. Qd4 e5 27. fxe5 dxe5
28. Qd5 axb2 29. g6 O-O 30. gxf7+ Kh8 31. Ned4 Rd8 32. f8=Q+ Bxf8 33. Qf7 Na3+
34. Kxb2 Qc3+ 35. Kc1 Qe3+ 36. Kb2 Qc3+ 37. Kc1 Qe3+ 38. Kb2 exd4 39. Rd3 Qe2
40. Rc1 Rac8 41. Na1 Nxc2 42. Rxc2 Rxc2+ 43. Nxc2 Qxd3 0-1

[Event "Liga Madrid 2009-2010 Division de Honor"]
[Site "Madrid ESP"]
[Date "2010.01.24"]
[Round "7.45"]
[White "Fernandez Garcia, Miguel Angel"]
[Black "Tipter, Napoleon"]
[Result "1-0"]
[WhiteElo "2254"]
[BlackElo "2048"]
[PlyCount "113"]
[EventDate "2009.11.22"]
[EventType "team"]
[EventRounds "14"]
[EventCountry "ESP"]
[Source "lmi"]
[SourceDate "2009.11.22"]

1. d4 Nf6 2. c4 c5 3. d5 b5 4. Bg5 Ne4 5. Bf4 d6 6. f3 Nf6 7. cxb5 g6 8. Nc3
Bg7 9. e4 O-O 10. Bd3 a6 11. Nge2 axb5 12. Bxb5 Nh5 13. Be3 f5 14. exf5 Rxf5
15. O-O Rf8 16. Qd2 Nd7 17. Bxd7 Bxd7 18. Bh6 Qb6 19. Bxg7 Kxg7 20. Rfe1 Rf7
21. Ne4 h6 22. N4g3 Nf6 23. Nc3 Rb8 24. Re2 Qb4 25. Nce4 Ne8 26. Qxb4 Rxb4 27.
Rd2 Nc7 28. Nc3 Rf8 29. Re1 Kf7 30. b3 Ra8 31. Rde2 Re8 32. Re4 Bf5 33. Nxf5
gxf5 34. Rc4 Reb8 35. Rxb4 cxb4 36. Ne2 Nxd5 37. Nd4 f4 38. Rc1 Nc3 39. Rc2 Rb6
40. a4 e5 41. Ne2 Ke6 42. Kf1 Nd1 43. Rc1 Ne3+ 44. Kf2 d5 45. g3 Kf5 46. gxf4
exf4 47. Rc8 Rf6 48. Nd4+ Ke5 49. Nc6+ Kf5 50. Nxb4 Rb6 51. Rf8+ Ke5 52. Nd3+
Kd4 53. Ke2 Ng2 54. Nxf4 Nxf4+ 55. Rxf4+ Ke5 56. a5 Rxb3 57. Ra4 1-0

[Event "Liga Madrid 2009-2010 Division de Honor"]
[Site "Madrid ESP"]
[Date "2010.01.24"]
[Round "7.46"]
[White "Gonzalo Gonzalez, Francisco"]
[Black "Carretero Calzon, Abel"]
[Result "0-1"]
[WhiteElo "1781"]
[BlackElo "2152"]
[PlyCount "72"]
[EventDate "2009.11.22"]
[EventType "team"]
[EventRounds "14"]
[EventCountry "ESP"]
[Source "lmi"]
[SourceDate "2009.11.22"]

1. e4 e6 2. d4 d5 3. Nc3 Bb4 4. Bd2 Nf6 5. e5 Nfd7 6. Nf3 a6 7. Bd3 c5 8. a3
Bxc3 9. Bxc3 Nc6 10. dxc5 Nxc5 11. Be2 Qc7 12. O-O Ne4 13. Qd3 Bd7 14. Rfe1 Rc8
15. Rac1 Nxc3 16. Qxc3 Qb6 17. Qd3 Na5 18. b4 Nc4 19. Bf1 Qc7 20. Qb3 h6 21.
Bxc4 Qxc4 22. Qxc4 Rxc4 23. c3 Rc7 24. Nd4 Ke7 25. f4 Rhc8 26. Re3 Rc4 27. Ree1
Rxc3 28. Ra1 Rd3 29. Ne2 Rc2 30. a4 Rdd2 31. Kf1 d4 32. Ra3 Bc6 33. Rg3 Bxa4
34. Rxg7 Bb5 35. Kg1 Rxe2 36. Rxe2 Rxe2 0-1

[Event "Liga Madrid 2009-2010 Division de Honor"]
[Site "Madrid ESP"]
[Date "2010.01.31"]
[Round "8.11"]
[White "Almagro Llamas, Pablo"]
[Black "Cao Armillas, Jesus"]
[Result "1-0"]
[WhiteElo "2453"]
[BlackElo "2205"]
[PlyCount "69"]
[EventDate "2009.11.22"]
[EventType "team"]
[EventRounds "14"]
[EventCountry "ESP"]
[Source "lmi"]
[SourceDate "2009.11.22"]

1. e4 e6 2. d4 d5 3. Nc3 Bb4 4. e5 c5 5. a3 Bxc3+ 6. bxc3 Ne7 7. Nf3 Bd7 8. h4
Ba4 9. h5 h6 10. Rh4 c4 11. Rb1 b5 12. g3 Nbc6 13. Bh3 Kd7 14. Rf4 Qg8 15. Nh4
Rf8 16. Bd2 Qh7 17. Rc1 Nd8 18. Kf1 f5 19. exf6 Rxf6 20. Rxf6 gxf6 21. Kg1 Kc6
22. Qf3 Qg7 23. Re1 Bxc2 24. Bxe6 Be4 25. Rxe4 dxe4 26. Qxe4+ Kb6 27. d5 Nb7
28. Qd4+ Ka6 29. Be3 Ra8 30. a4 Qh7 31. axb5+ Ka5 32. Ng6 Nd6 33. Qc5 Nxb5 34.
Qb4+ Ka6 35. Qa4+ 1-0

[Event "Liga Madrid 2009-2010 Division de Honor"]
[Site "Madrid ESP"]
[Date "2010.01.31"]
[Round "8.12"]
[White "Lorite Cruz, Francisco"]
[Black "Rubio Mejia, Luis Ignacio"]
[Result "0-1"]
[WhiteElo "2073"]
[BlackElo "2350"]
[PlyCount "96"]
[EventDate "2009.11.22"]
[EventType "team"]
[EventRounds "14"]
[EventCountry "ESP"]
[Source "lmi"]
[SourceDate "2009.11.22"]

1. e4 c5 2. Nf3 d6 3. d4 cxd4 4. Nxd4 Nf6 5. Nc3 a6 6. Be3 e5 7. Nb3 Be6 8. f3
Nbd7 9. Qd2 Be7 10. g4 Nb6 11. g5 Nh5 12. Na5 Qc7 13. O-O-O O-O 14. Kb1 Rac8
15. Nb3 g6 16. Rg1 Nc4 17. Bxc4 Qxc4 18. Rg2 b5 19. Nd5 Bxd5 20. Qxd5 Qxd5 21.
exd5 f6 22. Na5 fxg5 23. Nc6 Rce8 24. Nxe7+ Rxe7 25. Bxg5 Rc7 26. Rd3 Rf5 27.
Rg4 Kg7 28. a4 h6 29. Bd2 Nf4 30. Bxf4 exf4 31. axb5 axb5 32. Rd4 g5 33. Rg1
Rc5 34. Rgd1 Re5 35. c3 Kf6 36. Kc2 Kf5 37. b4 Rc8 38. Kb3 h5 39. h3 Re3 40.
R4d3 Rxd3 41. Rxd3 g4 42. hxg4+ hxg4 43. fxg4+ Kxg4 44. Rd1 f3 45. Rg1+ Kh3 46.
Rg6 f2 47. Rf6 Kg2 48. Rg6+ Kf3 0-1